| 000 -LEADER |
| fixed length control field |
02741cam a2200409 i 4500 |
| 001 - CONTROL NUMBER |
| control field |
17631536 |
| 003 - CONTROL NUMBER IDENTIFIER |
| control field |
Nust- CAS-E |
| 005 - DATE AND TIME OF LATEST TRANSACTION |
| control field |
20180118181404.0 |
| 008 - FIXED-LENGTH DATA ELEMENTS--GENERAL INFORMATION |
| fixed length control field |
130220s2013 enka b 001 0 eng |
| 010 ## - LIBRARY OF CONGRESS CONTROL NUMBER |
| LC control number |
2012047244 |
| 020 ## - INTERNATIONAL STANDARD BOOK NUMBER |
| International Standard Book Number |
9781119950936 (hardback) |
| 020 ## - INTERNATIONAL STANDARD BOOK NUMBER |
| International Standard Book Number |
1119950937 (hardback) |
| 028 ## - PUBLISHER NUMBER |
| Source |
Multiline Books, |
| 040 ## - CATALOGING SOURCE |
| Original cataloging agency |
DLC |
| Language of cataloging |
eng |
| Transcribing agency |
DLC |
| Description conventions |
rda |
| Modifying agency |
DLC |
| 042 ## - AUTHENTICATION CODE |
| Authentication code |
pcc |
| 050 00 - LIBRARY OF CONGRESS CALL NUMBER |
| Classification number |
TK2896 |
| Item number |
.C57 2013 |
| 082 00 - DEWEY DECIMAL CLASSIFICATION NUMBER |
| Classification number |
621.31 |
| Edition number |
23 |
| Author Mark |
COM 2013 |
| 084 ## - OTHER CLASSIFICATION NUMBER |
| Classification number |
SCI013050 |
| Number source |
bisacsh |
| 245 00 - TITLE STATEMENT |
| Title |
Computational approaches to energy materials / |
| Statement of responsibility, etc. |
edited by Aron Walsh, Department of Chemistry, University of Bath, UK, Alexey A. Sokol, Department of Chemistry, University College London, UK, C. Richard A. Catlow, Department of Chemistry, University College London, UK. |
| 300 ## - PHYSICAL DESCRIPTION |
| Extent |
xiv, 300 pages : |
| Other physical details |
illustrations (some color) ; |
| Dimensions |
26 cm |
| 502 0# - DISSERTATION NOTE |
| Dissertation note |
0 |
| 504 ## - BIBLIOGRAPHY, ETC. NOTE |
| Bibliography, etc. note |
Includes bibliographical references (page 295) and index. |
| 520 ## - SUMMARY, ETC. |
| Summary, etc. |
"Outlining their strengths, limitations, contemporary, and future applications, Computational Approaches to Energy Materials is the first authoritative resource to present a broad survey of computational techniques for the development of energy materials. Printed in full color to aid interpretation of materials simulations, this accessible and much-needed text includes all current methodologies based on electronic structure, interatomic potential, and hybrid methods. The methodological components are integrated into a comprehensive survey of applications, addressing the major themes in energy research"-- |
| 520 ## - SUMMARY, ETC. |
| Summary, etc. |
"This authoritative but accessible text is the first book on the market presenting a broad survey of computational techniques for the development of energy materials, outlining their strengths, limitations, contemporary and future applications"-- |
| 650 #0 - SUBJECT ADDED ENTRY--TOPICAL TERM |
| Topical term or geographic name entry element |
Energy storage |
| General subdivision |
Mathematical models. |
| 650 #0 - SUBJECT ADDED ENTRY--TOPICAL TERM |
| Topical term or geographic name entry element |
Electron distribution |
| General subdivision |
Mathematical models. |
| 650 #0 - SUBJECT ADDED ENTRY--TOPICAL TERM |
| Topical term or geographic name entry element |
Energy conversion |
| General subdivision |
Mathematical models. |
| 650 #7 - SUBJECT ADDED ENTRY--TOPICAL TERM |
| Topical term or geographic name entry element |
SCIENCE / Chemistry / Physical & Theoretical. |
| Source of heading or term |
bisacsh |
| 700 1# - ADDED ENTRY--PERSONAL NAME |
| Personal name |
Catlow, C. R. A. |
| Fuller form of name |
(Charles Richard Arthur), |
| Dates associated with a name |
1947, |
| Relator term |
editor of compilation. |
| 700 1# - ADDED ENTRY--PERSONAL NAME |
| Personal name |
Walsh, Aron, |
| Relator term |
editor of compilation. |
| 700 1# - ADDED ENTRY--PERSONAL NAME |
| Personal name |
Sokol, Alexey A., |
| Relator term |
editor of compilation. |
| 776 08 - ADDITIONAL PHYSICAL FORM ENTRY |
| Relationship information |
Online version: |
| Title |
Computational approaches to energy materials |
| Place, publisher, and date of publication |
Chichester, West Sussex, United Kingdom : John Wiley & Sons Inc., 2013 |
| International Standard Book Number |
9781118551431 |
| Record control number |
(DLC) 2013007643 |
| 856 42 - ELECTRONIC LOCATION AND ACCESS |
| Materials specified |
Cover image |
| Uniform Resource Identifier |
<a href="http://catalogimages.wiley.com/images/db/jimages/9781119950936.jpg">http://catalogimages.wiley.com/images/db/jimages/9781119950936.jpg</a> |
| 906 ## - LOCAL DATA ELEMENT F, LDF (RLIN) |
| a |
7 |
| b |
cbc |
| c |
orignew |
| d |
1 |
| e |
ecip |
| f |
20 |
| g |
y-gencatlg |
| 942 ## - ADDED ENTRY ELEMENTS (KOHA) |
| Source of classification or shelving scheme |
|
| Koha item type |
Book |